[Event "Chigorin Mem Blitz 2016"]
[Site "St Petersburg RUS"]
[Date "2016.10.14"]
[Round "10.5"]
[White "Gajewski, Grzegorz"]
[Black "Stupak, Kirill"]
[Result "1-0"]
[WhiteTitle "GM"]
[BlackTitle "GM"]
[WhiteElo "2621"]
[BlackElo "2564"]
[WhiteFideId "1116207"]
[BlackFideId "13503758"]
[EventDate "2016.10.14"]

1. Nf3 d5 2. g3 c5 3. Bg2 g6 4. O-O Bg7 5. d4 cxd4 6. Nxd4 e5 7. Nb3 Ne7 8. c4
dxc4 9. Qxd8+ Kxd8 10. Na5 Nbc6 11. Nxc4 Be6 12. Nba3 Kc7 13. Nb5+ Kb8 14. b3
Bxc4 15. bxc4 Rd8 16. Ba3 a6 17. Nd6 f6 18. Nxb7 Kxb7 19. Bxe7 Rd7 20. Bc5 Kc7
21. Rab1 Rc8 22. Bb6+ Kd6 23. Rfd1+ Ke6 24. Bd5+ Ke7 25. Bc5+ Ke8 26. Rb6 Ne7
27. Bxe7 Kxe7 28. Rdb1 a5 29. R1b5 f5 30. Rxa5 e4 31. e3 Rdc7 32. Raa6 Bc3 33.
Re6+ Kf8 34. Rab6 Ra7 35. h4 Rxa2 36. Rb7 Be1 37. Rxh7 Bxf2+ 38. Kf1 1-0

[Event "Chigorin Mem Blitz 2016"]
[Site "St Petersburg RUS"]
[Date "2016.10.14"]
[Round "10.6"]
[White "Ladva, Ottomar"]
[Black "Bok, Benjamin"]
[Result "0-1"]
[WhiteTitle "IM"]
[BlackTitle "GM"]
[WhiteElo "2513"]
[BlackElo "2594"]
[WhiteFideId "4500024"]
[BlackFideId "1017063"]
[EventDate "2016.10.14"]

1. d4 Nf6 2. c4 g6 3. Nc3 d5 4. cxd5 Nxd5 5. e4 Nxc3 6. bxc3 Bg7 7. Be3 c5 8.
Qd2 O-O 9. d5 Nd7 10. Nf3 Qa5 11. Rc1 Nf6 12. c4 Qxd2+ 13. Nxd2 b6 14. f3 e6 15.
Kf2 Ne8 16. a4 f5 17. exf5 exd5 18. cxd5 Bxf5 19. Bb5 Nf6 20. d6 Rad8 21. Nc4
Be6 22. Rhd1 Ng4+ 23. Ke2 Nxe3 24. Kxe3 Bh6+ 25. Ke4 Bxc1 26. Rxc1 Kg7 27. Rd1
Kf6 28. Ne3 h5 29. f4 Bf7 30. d7 Ke7 31. Nd5+ Bxd5+ 32. Rxd5 a6 33. Re5+ Kd6 34.
Bc4 Kxd7 35. Bxa6 Kd6 36. Rd5+ Kc7 37. Rg5 Rde8+ 38. Kf3 Re6 39. Bd3 Rff6 40. g3
Rd6 41. Be4 c4 42. Re5 Rfe6 43. Rb5 Rd4 44. Bc2 Rd2 45. Be4 Rxh2 46. Rb4 c3 47.
Rc4+ Kd8 48. Rxc3 Ra2 49. Rc4 Ra3+ 50. Kg2 Rd6 51. Kh3 Ke7 52. Kh4 Kf6 53. g4
hxg4 54. Kxg4 Ra1 55. Kg3 Rg1+ 56. Kf2 Rgd1 57. Ke3 Re1+ 58. Kf2 Red1 59. Ke3
Re6 60. Kf2 Rd8 61. Kf3 Rh8 62. Kg3 Rd8 63. Kf3 Rd1 64. Kf2 Ra1 65. Rb4 Ra3 66.
Rc4 Rd6 67. Ke2 Ra2+ 68. Bc2 Ra3 69. Be4 Rh3 70. Kf2 Ra3 71. Ke2 Rb3 72. Bc2 Rh3
73. Be4 Rh8 74. Ke3 Re8 75. Kf3 Red8 76. Rb4 Rc8 77. Kg4 Rc1 78. Kg3 Rcd1 79.
Bf3 R1d4 80. Rxd4 Rxd4 81. Bc6 Kf5 82. Be8 Rd3+ 83. Kf2 Rd8 84. Bf7 Rf8 85. Bc4
Kxf4 0-1

[Event "Chigorin Mem Blitz 2016"]
[Site "St Petersburg RUS"]
[Date "2016.10.14"]
[Round "10.8"]
[White "Ehlvest, Jaan"]
[Black "Lu, Shanglei"]
[Result "0-1"]
[WhiteTitle "GM"]
[BlackTitle "GM"]
[WhiteElo "2532"]
[BlackElo "2615"]
[WhiteFideId "4500016"]
[BlackFideId "8603332"]
[EventDate "2016.10.14"]

1. Nf3 g6 2. e4 c5 3. c3 Nf6 4. e5 Nd5 5. d4 cxd4 6. Qxd4 Nc7 7. Bc4 Ne6 8. Bxe6
dxe6 9. Qe4 Bg7 10. O-O Nc6 11. c4 Qc7 12. Re1 b6 13. Nc3 Bb7 14. Qe2 O-O 15.
Bf4 Rad8 16. Qe3 Nb4 17. Red1 Nc2 18. Qe2 Nxa1 19. Rxa1 Bxf3 20. gxf3 Rd4 0-1

[Event "Chigorin Mem Blitz 2016"]
[Site "St Petersburg RUS"]
[Date "2016.10.14"]
[Round "10.9"]
[White "Huzman, Alexander"]
[Black "Sjugirov, Sanan"]
[Result "1-0"]
[WhiteTitle "GM"]
[BlackTitle "GM"]
[WhiteElo "2577"]
[BlackElo "2660"]
[WhiteFideId "2803828"]
[BlackFideId "4189302"]
[EventDate "2016.10.14"]

1. Nf3 d5 2. e3 Nf6 3. b3 e6 4. Bb2 Be7 5. c4 O-O 6. Qc2 b6 7. Nc3 Bb7 8. cxd5
exd5 9. Be2 c5 10. d4 Nc6 11. O-O Rc8 12. Rad1 cxd4 13. Nxd4 Nxd4 14. Rxd4 Ne4
15. Bd3 Nxc3 16. Bxc3 h6 17. Be2 Qc7 18. Rc1 Bf6 19. Qd2 Bxd4 20. Qxd4 f6 21.
Bg4 Rce8 22. h3 Qc5 23. Qd2 Qb5 24. Bd4 Bc8 25. Be2 Qd7 26. Bf3 Qf7 27. Rc6 Be6
28. Qe2 Rc8 29. Qb5 Rxc6 30. Qxc6 Rc8 31. Qa4 Qb7 32. Qb4 Rc1+ 33. Kh2 Qc7+ 34.
g3 Qc2 35. Kg2 Rb1 36. Qe7 Qc1 37. Qxe6+ Kh8 38. Qe8+ Kh7 39. Be4+ dxe4 40.
Qxe4+ Kg8 41. Qe8+ Kh7 42. Qe4+ f5 43. Qxf5+ Kg8 44. Qd5+ Kf8 45. Qd8+ Kf7 46.
Qd7+ Kf8 47. Qxg7+ Ke8 48. Qg6+ Kd7 49. Qf5+ Kc6 50. Qe6+ Kb5 51. Qc4+ Qxc4 52.
bxc4+ Kxc4 53. g4 a5 54. h4 Rb5 55. f4 Kd5 56. g5 hxg5 57. hxg5 Ke6 58. Kf3 Rb1
59. Ke4 b5 60. f5+ Kd7 61. g6 b4 62. f6 Rg1 63. f7 1-0

[Event "Chigorin Mem Blitz 2016"]
[Site "St Petersburg RUS"]
[Date "2016.10.14"]
[Round "10.10"]
[White "Turov, Maxim"]
[Black "Levin, Evgeny A."]
[Result "1-0"]
[WhiteTitle "GM"]
[BlackTitle "GM"]
[WhiteElo "2594"]
[BlackElo "2505"]
[WhiteFideId "4120086"]
[BlackFideId "4182596"]
[EventDate "2016.10.14"]

1. d4 Nf6 2. c4 e6 3. Nc3 Bb4 4. Qc2 d5 5. a3 Bxc3+ 6. Qxc3 dxc4 7. Qxc4 b6 8.
Nf3 Ba6 9. Qa4+ Qd7 10. Qc2 Qc6 11. Qxc6+ Nxc6 12. Bf4 O-O 13. Rc1 Na5 14. b4
Nd5 15. Bg3 Nb7 16. e4 Bxf1 17. Rxf1 Nf6 18. Rxc7 Rab8 19. Re7 Rfe8 20. Bxb8
Rxe7 21. Bxa7 Nd6 22. Bxb6 Ndxe4 23. Ke2 Nd5 24. Bc5 Re8 25. Nd2 Nec3+ 26. Kd3
Na4 27. g3 Ra8 28. Nc4 Nac3 29. Rc1 Nb5 30. Ra1 Nbc3 31. Kc2 f6 32. Kb3 Na4 33.
f4 Kf7 34. Nb2 Nac3 35. a4 Ne4 36. Nc4 Ke8 37. Nd6+ Nxd6 38. Bxd6 Kd7 39. Bc5 h5
40. b5 h4 41. gxh4 Nxf4 42. Kc4 Nd5 43. a5 Ne3+ 44. Kd3 Nd5 45. a6 Kc7 46. Rg1
Rg8 47. Kc4 Ne3+ 48. Kb4 Nd5+ 49. Ka5 g5 50. hxg5 fxg5 51. Rc1 Kb8 52. Bd6+ Ka7
53. b6+ 1-0

[Event "Chigorin Mem Blitz 2016"]
[Site "St Petersburg RUS"]
[Date "2016.10.14"]
[Round "10.11"]
[White "Yuffa, Daniil"]
[Black "Lintchevski, Daniil"]
[Result "0-1"]
[WhiteTitle "IM"]
[BlackTitle "GM"]
[WhiteElo "2534"]
[BlackElo "2522"]
[WhiteFideId "24131423"]
[BlackFideId "4171055"]
[EventDate "2016.10.14"]

1. d4 d5 2. c4 dxc4 3. e3 e5 4. Bxc4 Nc6 5. Nf3 exd4 6. exd4 Bb4+ 7. Nc3 Nf6 8.
O-O O-O 9. h3 h6 10. Bf4 Bd6 11. Ne5 Bxe5 12. dxe5 Nh7 13. Re1 Ng5 14. Bg3 Ne6
15. Qh5 Qg5 16. Qxg5 hxg5 17. Rad1 a6 18. Ne4 Ncd8 19. h4 gxh4 20. Bxh4 Nc6 21.
Bg3 b6 22. Bd5 Bb7 23. f4 Rad8 24. Bh4 Rde8 25. g3 Na5 26. Bxb7 Nxb7 27. f5 Nec5
28. Ng5 f6 29. exf6 gxf6 30. Ne6 Nxe6 31. Rxe6 Nd6 32. Rxf6 Nxf5 33. Rxf8+ Rxf8
34. Rd7 Rf7 35. Rxf7 Kxf7 36. Kg2 Ke6 37. Bg5 c5 38. Kf3 c4 39. g4 Nd6 40. Be3
b5 41. Kf4 a5 42. g5 b4 43. Bb6 a4 44. g6 c3 45. g7 Kf7 46. bxc3 b3 47. axb3
axb3 0-1

[Event "Chigorin Mem Blitz 2016"]
[Site "St Petersburg RUS"]
[Date "2016.10.14"]
[Round "10.12"]
[White "Pridorozhni, Aleksei"]
[Black "Sunilduth Lyna, Narayanan"]
[Result "1-0"]
[WhiteTitle "GM"]
[BlackTitle "GM"]
[WhiteElo "2579"]
[BlackElo "2536"]
[WhiteFideId "4127870"]
[BlackFideId "5058422"]
[EventDate "2016.10.14"]

1. e4 c6 2. Nc3 d5 3. Qe2 d4 4. Nd1 e5 5. g3 Bd6 6. d3 c5 7. f4 Nc6 8. Nf3 Qc7
9. f5 h5 10. Bg2 Nf6 11. O-O Bd7 12. Ng5 h4 13. g4 Be7 14. Nf2 Nh7 15. Nfh3 Nxg5
16. Nxg5 Qd8 17. Nf3 h3 18. Bh1 Qc7 19. Ng5 Qd8 20. Nf3 Qc7 21. Ng5 Qd8 22. Nf3
Qb6 23. Ng5 Qd8 24. Nf3 Qc7 25. Ng5 Qd8 26. Qd2 Rh4 27. Bf3 f6 28. Ne6 Bxe6 29.
fxe6 Qd6 30. g5 Qxe6 31. g6 O-O-O 32. Qe2 Rdh8 33. Bd2 Kb8 34. Kh1 Bd8 35. a3
Ba5 36. b4 cxb4 37. Be1 R4h6 38. Bg4 Qe7 39. axb4 Bxb4 40. Bf5 Bxe1 41. Rfxe1
Qc5 42. Reb1 Ne7 43. Be6 Rxg6 44. Bc4 Rg2 45. Qf3 Rxc2 46. Qg4 Nc8 47. Qxg7 b6
48. Qxh8 Rxc4 49. dxc4 Qxc4 50. Rc1 Qe6 51. Qxc8+ 1-0

[Event "Chigorin Mem Blitz 2016"]
[Site "St Petersburg RUS"]
[Date "2016.10.14"]
[Round "11.1"]
[White "Paravyan, David"]
[Black "Tran, Tuan Minh"]
[Result "1-0"]
[WhiteTitle "IM"]
[BlackTitle "IM"]
[WhiteElo "2528"]
[BlackElo "2468"]
[WhiteFideId "4194985"]
[BlackFideId "12401820"]
[EventDate "2016.10.14"]

1. d4 Nf6 2. c4 e6 3. Nc3 Bb4 4. e3 b6 5. Ne2 Ne4 6. f3 Bxc3+ 7. bxc3 Nd6 8. Ng3
Ba6 9. Qa4 O-O 10. Ba3 Re8 11. Bd3 Qc8 12. e4 c5 13. e5 Nxc4 14. Bxc4 cxd4 15.
Bxa6 Qxc3+ 16. Kf2 Qe3+ 17. Kf1 Nxa6 18. Qxa6 Qxe5 19. Re1 Qd5 20. Ne4 Qxa2 21.
Nd6 Red8 22. Qd3 Qd5 23. Kf2 f5 24. Rc1 Qa2+ 25. Rc2 Qd5 26. Rd1 Qe5 27. Qxd4
Qxh2 28. Bb2 Qh6 29. Rh1 Qg6 30. Rh3 f4 31. Rd2 a5 32. Qxf4 e5 33. Qxe5 1-0

[Event "Chigorin Mem Blitz 2016"]
[Site "St Petersburg RUS"]
[Date "2016.10.14"]
[Round "11.2"]
[White "Gajewski, Grzegorz"]
[Black "Khismatullin, Denis"]
[Result "1-0"]
[WhiteTitle "GM"]
[BlackTitle "GM"]
[WhiteElo "2621"]
[BlackElo "2617"]
[WhiteFideId "1116207"]
[BlackFideId "4142578"]
[EventDate "2016.10.14"]

1. Nf3 Nf6 2. c4 e6 3. g3 d5 4. Bg2 a6 5. b3 b5 6. O-O Bb7 7. Bb2 c5 8. cxd5
exd5 9. Bxf6 Qxf6 10. d4 Nc6 11. e3 cxd4 12. Nxd4 Nxd4 13. exd4 Bb4 14. a3 Ba5
15. b4 Bb6 16. Re1+ Kf8 17. Ra2 g6 18. Nc3 Qxd4 19. Bxd5 Qxc3 20. Bxb7 Rd8 21.
Qc1 Qxc1 22. Rxc1 Kg7 23. Bxa6 Rd5 24. Bb7 Rf5 25. Be4 Re5 26. Bf3 Rd8 27. Rc6
Ba7 28. Rc7 Bb6 29. Rb7 Rd6 30. Re2 Rf5 31. Be4 Re5 32. Bd3 Red5 33. Bc2 Rf6 34.
Kg2 h5 35. Bb3 Rd3 36. Bxf7 Kh6 37. f4 Rxa3 38. Bg8 Ra7 39. Rxa7 Bxa7 40. Re7 1-0

[Event "Chigorin Mem Blitz 2016"]
[Site "St Petersburg RUS"]
[Date "2016.10.14"]
[Round "11.3"]
[White "Bok, Benjamin"]
[Black "Moskalenko, Alexander"]
[Result "1-0"]
[WhiteTitle "GM"]
[BlackTitle "IM"]
[WhiteElo "2594"]
[BlackElo "2490"]
[WhiteFideId "1017063"]
[BlackFideId "4155351"]
[EventDate "2016.10.14"]

1. e4 d5 2. exd5 Nf6 3. Nf3 Bg4 4. Bb5+ Bd7 5. Bxd7+ Qxd7 6. c4 e6 7. dxe6 Qxe6+
8. Qe2 Qxe2+ 9. Kxe2 Nc6 10. d4 O-O-O 11. Be3 Bb4 12. a3 Bd6 13. Nc3 Rhe8 14.
Rhd1 Na5 15. Kd3 Ng4 16. b4 Nc6 17. h3 Nxe3 18. fxe3 f5 19. Re1 Bg3 20. Re2 g6
21. Rd1 Rd7 22. c5 b6 23. b5 Na5 24. c6 Rde7 25. Nd5 Re6 26. Nd2 a6 27. a4 Rd6
28. Nc3 Red8 29. Nc4 Nxc4 30. Kxc4 Re6 31. d5 Re7 32. bxa6 Rde8 33. a7 Re4+ 34.
Nxe4 Rxe4+ 35. Rd4 1-0

[Event "Chigorin Mem Blitz 2016"]
[Site "St Petersburg RUS"]
[Date "2016.10.14"]
[Round "11.4"]
[White "Lu, Shanglei"]
[Black "Kovalev, Vladislav"]
[Result "1-0"]
[WhiteTitle "GM"]
[BlackTitle "GM"]
[WhiteElo "2615"]
[BlackElo "2609"]
[WhiteFideId "8603332"]
[BlackFideId "13504398"]
[EventDate "2016.10.14"]

1. e4 e5 2. Bc4 Nf6 3. d3 c6 4. Nf3 d5 5. Bb3 Bb4+ 6. Bd2 Bd6 7. exd5 cxd5 8.
Nc3 d4 9. Nb5 O-O 10. Nxd6 Qxd6 11. h3 Nc6 12. O-O Be6 13. Re1 Rfe8 14. Ba4 Bd5
15. c4 dxc3 16. Bxc3 Nd7 17. d4 Bxf3 18. Qxf3 exd4 19. Rxe8+ Rxe8 20. Rd1 Nde5
21. Qe4 Rd8 22. f4 Qc5 23. Be1 Nc4 24. Bxc6 Qxc6 25. Rxd4 Rxd4 26. Qxd4 h6 27.
Bc3 f6 28. Qxa7 Qe4 29. Qd4 Qb1+ 30. Kh2 Qxa2 31. Qd5+ Kh7 32. Qxb7 Qb1 33. Bxf6
Qg6 34. Bxg7 Nd6 35. Qd7 Ne4 36. Be5+ Kg8 37. Qd5+ Kf8 38. Qd3 Qc6 39. b4 Nf2
40. Qd6+ 1-0

[Event "Chigorin Mem Blitz 2016"]
[Site "St Petersburg RUS"]
[Date "2016.10.14"]
[Round "11.5"]
[White "Aleksandrov, Aleksej"]
[Black "Ponkratov, Pavel"]
[Result "0-1"]
[WhiteTitle "GM"]
[BlackTitle "GM"]
[WhiteElo "2568"]
[BlackElo "2589"]
[WhiteFideId "13500139"]
[BlackFideId "4157800"]
[EventDate "2016.10.14"]

1. d4 Nf6 2. c4 g6 3. Nc3 c5 4. d5 Bg7 5. e4 O-O 6. Nf3 e6 7. Bd3 exd5 8. exd5
Re8+ 9. Kf1 d6 10. h3 Na6 11. Bf4 Nc7 12. a4 a6 13. Qd2 Rb8 14. a5 b5 15. axb6
Rxb6 16. Ra2 Bd7 17. g3 Nh5 18. Bh6 Qf6 19. Kg2 Bxh6 20. Qxh6 Reb8 21. Ne4 Qg7
22. Qxg7+ Kxg7 23. Rb1 Bf5 24. Nfd2 Bxe4+ 25. Bxe4 Nf6 26. Bc2 Rb4 27. b3 Nd7
28. f4 Re8 29. Kf2 Rbb8 30. Ne4 Rb6 31. g4 h6 32. Re1 Nf6 33. Nc3 g5 34. Raa1
Rbb8 35. Kf3 Rxe1 36. Rxe1 Nd7 37. Ne4 Re8 38. Re2 gxf4 39. Nxd6 Rxe2 40. Kxe2
Ne5 41. Nf5+ Kg6 42. Kf2 Kg5 43. d6 Ne6 44. Be4 h5 45. gxh5 Kxh5 0-1

[Event "Chigorin Mem Blitz 2016"]
[Site "St Petersburg RUS"]
[Date "2016.10.14"]
[Round "11.6"]
[White "Timofeev, Artyom"]
[Black "Alekseev, Evgeny"]
[Result "1-0"]
[WhiteTitle "GM"]
[BlackTitle "GM"]
[WhiteElo "2601"]
[BlackElo "2636"]
[WhiteFideId "4140419"]
[BlackFideId "4138147"]
[EventDate "2016.10.14"]

1. e4 c5 2. Nf3 Nc6 3. Nc3 e6 4. d4 cxd4 5. Nxd4 a6 6. Nxc6 bxc6 7. Bd3 d5 8.
O-O Nf6 9. b3 Be7 10. Bb2 O-O 11. Qe2 Qc7 12. Rad1 Bb7 13. Rfe1 Rfd8 14. e5 Nd7
15. Na4 c5 16. c4 d4 17. Bc1 Nb6 18. Nb2 a5 19. Bc2 a4 20. Nd3 axb3 21. axb3 Ra2
22. Bb2 g6 23. Bb1 Raa8 24. Qg4 Nd7 25. h4 Bf8 26. h5 Bg7 27. hxg6 hxg6 28. Bc1
Bc6 29. Bf4 Rdb8 30. Bc2 Ra2 31. Rd2 Rxc2 32. Rxc2 Rxb3 33. Rd2 Qa5 34. Red1 Rc3
35. Qg5 Rxc4 36. Qe7 Bf8 37. Qh4 Qa8 38. f3 Ra4 39. Bh6 Bd5 40. Bxf8 Qxf8 41.
Nf4 Nxe5 42. Nxd5 exd5 43. Qf6 Nd7 44. Qc6 Ra7 45. Qxd5 Nf6 46. Qc6 Kg7 47. Rc1
Ra5 48. Qb6 Qa8 49. Rxc5 Ra1+ 50. Kf2 Qe8 51. Re2 Qh8 52. Kg3 Nh5+ 53. Rxh5 Qxh5
54. Qxd4+ Kh7 55. Qxa1 Qg5+ 56. Kf2 1-0

[Event "Chigorin Mem Blitz 2016"]
[Site "St Petersburg RUS"]
[Date "2016.10.14"]
[Round "11.7"]
[White "Volkov, Sergey"]
[Black "Turov, Maxim"]
[Result "1/2-1/2"]
[WhiteTitle "GM"]
[BlackTitle "GM"]
[WhiteElo "2609"]
[BlackElo "2594"]
[WhiteFideId "4122763"]
[BlackFideId "4120086"]
[EventDate "2016.10.14"]

1. d4 Nf6 2. c4 g6 3. Nc3 d5 4. Nf3 Bg7 5. Qb3 dxc4 6. Qxc4 O-O 7. e4 a6 8. Be2
b5 9. Qb3 Bb7 10. e5 Nd5 11. O-O Nxc3 12. Qxc3 Nd7 13. Bg5 h6 14. Bh4 Nb6 15.
Rfc1 Rc8 16. Qd2 Bxf3 17. Bxf3 Bxe5 18. Bxe7 Qxe7 19. dxe5 Qxe5 20. b3 h5 21.
Bb7 Rcd8 22. Qc3 Ra8 1/2-1/2

[Event "Chigorin Mem Blitz 2016"]
[Site "St Petersburg RUS"]
[Date "2016.10.14"]
[Round "11.8"]
[White "Lintchevski, Daniil"]
[Black "Tsydypov, Zhamsaran"]
[Result "0-1"]
[WhiteTitle "GM"]
[BlackTitle "IM"]
[WhiteElo "2522"]
[BlackElo "2451"]
[WhiteFideId "4171055"]
[BlackFideId "4108566"]
[EventDate "2016.10.14"]

1. e4 e5 2. Nf3 Nc6 3. Bb5 a6 4. Bxc6 dxc6 5. O-O f6 6. d4 exd4 7. Nxd4 c5 8.
Nb3 Qxd1 9. Rxd1 Be6 10. Bf4 Rd8 11. Nc3 Bd6 12. Bxd6 cxd6 13. Na5 Rd7 14. Na4
Ke7 15. Nb6 Rc7 16. Rd2 Nh6 17. Rad1 Rd8 18. b3 g5 19. Nac4 Nf7 20. Ne3 Rc6 21.
Nbd5+ Bxd5 22. Nxd5+ Ke6 23. f3 Ne5 24. Kf2 b5 25. g3 g4 26. fxg4 Nxg4+ 27. Kf3
Ne5+ 28. Ke3 c4 29. Rf1 Rf8 30. h3 cxb3 31. cxb3 Nd7 32. Rdf2 a5 33. g4 h6 34.
h4 Rcc8 35. g5 fxg5 36. hxg5 hxg5 37. Rf5 Rxf5 38. Rxf5 Rc2 39. Rxg5 Ne5 40. Rg7
Nc6 41. Rc7 Rc5 42. Nf4+ Kf6 43. Kd2 Ne5 44. Nd5+ Kg5 45. Rg7+ Kh4 46. Rg8 a4
47. Rd8 Rc6 48. b4 Rc4 49. Rxd6 Rxe4 50. a3 Nc4+ 51. Kd3 Nxd6 52. Nc3 Rg4 53.
Nd5 Kg5 0-1

[Event "Chigorin Mem Blitz 2016"]
[Site "St Petersburg RUS"]
[Date "2016.10.14"]
[Round "11.9"]
[White "Anisimov, Pavel2"]
[Black "Pridorozhni, Aleksei"]
[Result "0-1"]
[WhiteTitle "IM"]
[BlackTitle "GM"]
[WhiteElo "2521"]
[BlackElo "2579"]
[WhiteFideId "4135229"]
[BlackFideId "4127870"]
[EventDate "2016.10.14"]

1. e4 a6 2. d4 b5 3. Bd3 Bb7 4. Nf3 e6 5. O-O Nf6 6. Re1 d5 7. Nbd2 Be7 8. a4 b4
9. e5 Nfd7 10. Nb3 c5 11. dxc5 Nxc5 12. Nxc5 Bxc5 13. Bg5 Qb6 14. Qd2 Nc6 15.
Bh4 h6 16. Bg3 a5 17. c4 dxc4 18. Bxc4 O-O 19. Rac1 Rfd8 20. Qe2 Nd4 21. Nxd4
Rxd4 22. Bb5 Rad8 23. Rcd1 Re4 24. Qc2 Rxe1+ 25. Rxe1 Rc8 26. Qd3 Bd4 27. Qd2
Rd8 28. Qe2 Bc6 29. Rd1 Bxb5 30. axb5 Rd5 31. Qc4 Bxf2+ 0-1

[Event "Chigorin Mem Blitz 2016"]
[Site "St Petersburg RUS"]
[Date "2016.10.14"]
[Round "11.10"]
[White "Huzman, Alexander"]
[Black "Rakhmanov, Aleksandr"]
[Result "1-0"]
[WhiteTitle "GM"]
[BlackTitle "GM"]
[WhiteElo "2577"]
[BlackElo "2662"]
[WhiteFideId "2803828"]
[BlackFideId "4173708"]
[EventDate "2016.10.14"]

1. Nf3 Nf6 2. c4 d6 3. Nc3 e5 4. g3 c6 5. Bg2 Be7 6. O-O O-O 7. d3 Re8 8. h3 h6
9. e4 Bf8 10. Be3 a6 11. Nd2 Nbd7 12. f4 Nc5 13. Nb3 Ne6 14. f5 Nc7 15. Bb6 Nd7
16. Be3 Be7 17. Qd2 Bf6 18. a4 a5 19. Kh1 Na6 20. Ne2 Nac5 21. Nxc5 Nxc5 22. Qc2
b6 23. Ng1 Bb7 24. Nf3 Na6 25. Qf2 Nb4 26. Rad1 Ra6 27. g4 d5 28. h4 d4 29. Bc1
Be7 30. g5 hxg5 31. hxg5 b5 32. f6 gxf6 33. Nh4 bxc4 34. gxf6 Bxf6 35. Qg3+ Kf8
36. Bh6+ Ke7 37. Rxf6 Kd7 38. Rxf7+ Kc8 39. Bg5 Qd6 40. dxc4 c5 41. Rdf1 d3 42.
Bd2 Kb8 43. Nf5 Qe6 44. Qg7 Rb6 45. Ne3 Qh6+ 46. Qxh6 Rxh6+ 47. Kg1 Rg6 48. Rf8
Rxf8 49. Rxf8+ Ka7 50. Rf7 Ka6 51. Nd5 Bc6 52. Kf2 Bxa4 53. Rf6+ Rxf6+ 54. Nxf6
Bb3 55. Ng4 Nc6 56. Bc3 a4 57. Ke3 Bxc4 58. Nxe5 Nxe5 59. Bxe5 Kb5 60. Bc3 1-0

[Event "Chigorin Mem Blitz 2016"]
[Site "St Petersburg RUS"]
[Date "2016.10.14"]
[Round "11.11"]
[White "Stupak, Kirill"]
[Black "Jumabayev, Rinat"]
[Result "0-1"]
[WhiteTitle "GM"]
[BlackTitle "GM"]
[WhiteElo "2564"]
[BlackElo "2609"]
[WhiteFideId "13503758"]
[BlackFideId "13702661"]
[EventDate "2016.10.14"]

1. d4 Nf6 2. g3 g6 3. Bg2 Bg7 4. e4 d6 5. Nc3 Na6 6. Nge2 c5 7. d5 Nc7 8. a4 O-O
9. O-O Rb8 10. h3 b6 11. Be3 Ba6 12. Qd2 Nd7 13. Rab1 Bxe2 14. Nxe2 a6 15. c3 b5
16. axb5 axb5 17. b4 Qc8 18. bxc5 Nxc5 19. Nd4 Qd7 20. Qe2 Rb7 21. Rb4 e6 22.
dxe6 N5xe6 23. Rfb1 Re8 24. f4 Nxd4 25. cxd4 d5 26. e5 Bf8 27. R4b3 b4 28. Bf2
Nb5 29. Qf3 Nc3 30. Rc1 Rc8 31. g4 Ne2+ 32. Qxe2 Rxc1+ 33. Kh2 Rc3 34. Rb2 Qc6
35. Be1 Rc4 36. Qd3 b3 37. f5 Rb5 38. h4 Qb6 39. Bf2 Ba3 40. Rb1 Bf8 41. Bxd5
Rc2 42. Kg1 Rxd5 43. Rxb3 Qc6 44. Rb1 Rc1+ 45. Rxc1 Qxc1+ 46. Kg2 Qf4 0-1

[Event "Chigorin Mem Blitz 2016"]
[Site "St Petersburg RUS"]
[Date "2016.10.14"]
[Round "11.12"]
[White "Moiseenko, Vadim"]
[Black "Ladva, Ottomar"]
[Result "1-0"]
[WhiteTitle "IM"]
[BlackTitle "IM"]
[WhiteElo "2528"]
[BlackElo "2513"]
[WhiteFideId "4123700"]
[BlackFideId "4500024"]
[EventDate "2016.10.14"]

1. e4 c5 2. Nf3 e6 3. c4 Nc6 4. Be2 Nf6 5. Nc3 a6 6. O-O Qc7 7. d4 cxd4 8. Nxd4
Nxd4 9. Qxd4 Bc5 10. Qd3 O-O 11. Kh1 Be7 12. f4 d6 13. f5 Nd7 14. Qg3 Ne5 15. f6
Bxf6 16. Rxf6 Kh8 17. Rf1 Nxc4 18. Bxc4 Qxc4 19. Bg5 b5 20. Be7 Rg8 21. Rxf7 b4
22. Bf8 Qd4 23. Rd1 Qe5 24. Bxg7+ 1-0

[Event "Chigorin Mem Blitz 2016"]
[Site "St Petersburg RUS"]
[Date "2016.10.14"]
[Round "12.1"]
[White "Paravyan, David"]
[Black "Gajewski, Grzegorz"]
[Result "1-0"]
[WhiteTitle "IM"]
[BlackTitle "GM"]
[WhiteElo "2528"]
[BlackElo "2621"]
[WhiteFideId "4194985"]
[BlackFideId "1116207"]
[EventDate "2016.10.14"]

1. d4 Nf6 2. c4 e6 3. Nc3 Bb4 4. e3 O-O 5. Bd3 d5 6. Nf3 b6 7. O-O Ba6 8. cxd5
exd5 9. Bxa6 Nxa6 10. Qa4 Qc8 11. Bd2 Re8 12. Rac1 Bf8 13. a3 c5 14. dxc5 bxc5
15. Rfd1 c4 16. b4 Nc7 17. Be1 Qb7 18. Nd4 Ne6 19. Nc6 Nc7 20. Nd4 a6 21. Rb1
Red8 22. Qc6 Qc8 23. f3 Re8 24. Bf2 Ne6 25. Qxc8 Raxc8 26. Nxe6 fxe6 27. e4 dxe4
28. fxe4 Red8 29. Bb6 Rd3 30. Rxd3 cxd3 31. Bd4 Rc4 32. Bxf6 gxf6 33. Na4 d2 34.
Rd1 Bh6 35. Kf2 Rxe4 36. Nc5 Re5 37. Nxa6 Rf5+ 38. Ke2 Re5+ 39. Kf2 Kf7 40. a4
Rf5+ 41. Ke2 Re5+ 42. Kd3 Rd5+ 43. Kc4 Re5 44. Kd3 Ke7 45. Nc5 Rd5+ 46. Kc4 Re5
47. Kc3 Re1 48. Kc2 Re2 49. a5 Kd6 50. a6 Kc7 51. a7 1-0

[Event "Chigorin Mem Blitz 2016"]
[Site "St Petersburg RUS"]
[Date "2016.10.14"]
[Round "12.2"]
[White "Tran, Tuan Minh"]
[Black "Bok, Benjamin"]
[Result "0-1"]
[WhiteTitle "IM"]
[BlackTitle "GM"]
[WhiteElo "2468"]
[BlackElo "2594"]
[WhiteFideId "12401820"]
[BlackFideId "1017063"]
[EventDate "2016.10.14"]

1. d4 Nf6 2. c4 g6 3. Nc3 d5 4. Bg5 Ne4 5. Bh4 Nxc3 6. bxc3 dxc4 7. e3 Be6 8.
Nf3 Bg7 9. Be2 Nd7 10. O-O Nb6 11. Qc2 O-O 12. a4 a5 13. Rfb1 Bd5 14. Nd2 Qd7
15. Bf3 e6 16. Ne4 Qc6 17. Rb5 Nxa4 18. Qxa4 Bxe4 19. Bxe4 Qxe4 20. Bg3 Qc6 21.
Rxa5 Rxa5 22. Qxa5 Rc8 23. h4 h5 24. Rb1 Bf8 25. Be5 Be7 26. Bg3 b6 27. Qa7 Bxh4
28. Bxh4 Ra8 29. Rxb6 cxb6 30. Qe7 Qd5 0-1

[Event "Chigorin Mem Blitz 2016"]
[Site "St Petersburg RUS"]
[Date "2016.10.14"]
[Round "12.3"]
[White "Tsydypov, Zhamsaran"]
[Black "Lu, Shanglei"]
[Result "0-1"]
[WhiteTitle "IM"]
[BlackTitle "GM"]
[WhiteElo "2451"]
[BlackElo "2615"]
[WhiteFideId "4108566"]
[BlackFideId "8603332"]
[EventDate "2016.10.14"]

1. e4 c5 2. Nf3 d6 3. Bb5+ Nd7 4. c4 g6 5. d4 cxd4 6. Nxd4 Bg7 7. Nc3 Nf6 8. O-O
O-O 9. Ba4 Nb6 10. Bb3 Bd7 11. Bg5 h6 12. Bh4 Rc8 13. Qe2 Re8 14. Rac1 Qc7 15.
Rfd1 a6 16. f4 Qc5 17. Kh1 Nh5 18. Bf2 Nxf4 19. Qf3 Qg5 20. Be3 Bg4 21. Qf1 Bxd1
22. Bxf4 Qc5 23. Rxd1 Bxd4 24. Bxh6 Bg7 25. Bc1 Nxc4 26. Nd5 Ne5 27. Be3 Qc6 28.
Bg1 b5 29. Re1 Nc4 30. Qf2 0-1